1105 1127 1943 1430 1066 1961 1229 1885 1388 1396 1794 1473 1155 1454 1989 1291 1175 1145 1671 1528 1631 1015 1044 1961 1359 1503 1222 1423 1698 1552 1743 1779 1261 1037 1500 1669 1053 1990 1584 1530 1307 1096 1009 1907 1396 1393 1302 1057 1096 1495 1660 1726 1848 1811 1667 1375 1373 1503 1992 1090 1869 1526 1656 1734 1679 1347 1393 1052 1790 1673 1203 1429 1520 1960 1343 1899 1533 1382 1008 1941 1346 1026 1361 1981 1941 1606 1701 1721 1969 1732 1731 1523 1054 1453 1021 1750 1681 1106 1854 BCNSPRNW ULIB Ver.6.0+V

เปลี่ยนเป็นภาษาไทย

Change to English
 แสดงรายละเอียดบรรณานุกรม
  กลับหน้าหลัก

Brief Record : Get Marc (ISO 2709) : E-mail record : QR code < ปิดหน้าต่าง
LEADER : 00000nam 2200000uu 4500
001    13399113233
003     ULIB
008    111003s2548||||th 000 0 tha d
020    9749980328
050  4 QD33^bป341ค ล.2 2548
245 10 เคมีทั่วไป เล่ม 2 /^cผู้เรียบเรียง, ประภาณี เกษมศรี ณอยุธยา ... [และคนอื่นๆ] ; บรรณาธิการ, สุภาพ บุณยะรัตเวช
250    พิมพ์ครั้งที่ 8
260    กรุงเทพฯ :^bภาควิชาเคมี คณะวิทยาศาสตร์ จุฬาลงกรณ์มหาวิทยาลัย,^c2548
300    415 หน้า :^bภาพประกอบ,^c26 ซม.
650  4 เคมี
700 0  ประภาณี เกษมศรี ณ อยุธยา
700 0  สุภาพ บุณยะรัตเวช,^eบรรณาธิการ
710 2  จุฬาลงกรณ์มหาวิทยาลัย. ^bคณะวิทยาศาสตร์. ^bภาควิชาเคมี
945    ^p160^l0^i021081
945    ^p160^l0^i021082
945    ^p160^l0^i021083
995    ทศพร
999 ^a ทศพร
รายการนี้ยังไม่มีแท็ก
คุณยังไม่ได้ล็อกอิน คุณสามารถมีกิจกรรมร่วมกับเว็บไซต์ได้ แต่ต้องล็อกอินก่อน ::
  ล็อกอิน

รายการสื่อสารสนเทศ

ลำดับที่ ประเภท เลขเรียก/บาร์โค้ด สถานที่ สถานะ
- ไม่พบข้อมูล -

รายการใกล้เคียง
    หัวเรื่อง [เคมี]

BibComment


ยังไม่เคยถูกคอมเมนท์

คอมเมนท์ทรัพยากรรายการนี้
  คอมเมนท์: เคมีทั่วไป เล่ม 2..


 Copyright 2026. Bcnsprnw @Library